000 00768nam a22001937a 4500
003 BD-DhUL
005 20170216121747.0
008 170216s1991 bg ||||| |||| 00| 0 eng d
040 _aBD-DhUL
_cBD-DhUL
082 _a891.4409
_bGHB
100 1 _aঘোষ, বিশ্বজিৎ
245 1 0 _aবাংলাদেশের সাহিত্য /
_cবিশ্বজিৎ ঘোষ
260 _aঢাকা :
_bবাংলা একাডেমী,
_c১৯৯১।
300 _a[১০], ৩০৪ পৃ. ;
_c ২২ সেমি
504 _aগ্রন্থপঞ্জিগত তথ্য ও নির্ঘন্ট সংবলিত
650 0 _aবাংলা সাহিত্য
650 0 _aBengla literature
942 _2ddc
_cBK
999 _c157086
_d157086